000 00921nam a22002297a 4500
005 20240530110630.0
008 170117s2015 ua a g b 000 0 ara d
017 _a2014/22639
_bمصر. دار الكتب
020 _a9789774385025
040 _aEG-CaGPL
_cEG-CaGPL
082 0 4 _221
_a361\
_bع م
100 0 _aعبدالناصر عوض احمد جبل
245 1 2 _aالمهارات الاكلينيكية للخدمة الاجتماعية /
_cتاليف عبدالناصر عوض احمد جبل
260 _aالاسكندرية :
_bالمكتب الجامعى الحديث ،
_c2015.
300 _a435 ص. :
_bجداول ؛
_c24 سم.
504 _aيشتمل على ارجاعات ببليوجرافية
650 0 7 _2qrmak
_aالخدمة الاجتماعية
650 0 7 _2qrmak
_aالارشاد الاجتماعى
651 _2qrmak
942 _2ddc
_cBK
999 _c63236
_d63236